Maiores cidades da Região do Alentejo (NUTS II) - Statistics

Estatísticas Gerais
  • Esse quiz foi jogado 91 vezes
    36 desde o último reset
  • A pontuação média é 6 de 10
Estatísticas das Respostas
População Resposta % Correto
49 452 Évora
100%
22 595 Beja
97%
15 354 Portalegre
81%
16 640 Elvas
74%
14 038 Sines
68%
8 813 Moura
61%
11 568 Montemor-o-Novo
55%
11 123 Vendas Novas
52%
8 958 Ponte de Sor
32%
10 647 Vila Nova de Santo André
13%
Nenhum quiz correspondente encontrado
Distribuição das Pontuações
Porcentagem de Pessoas com Cada Pontuação
Percentil de Números Respondidos
Sua Pontuação Histórica
Você não jogou esse quiz desde o último reset